000 00637nam a2200241Ia 4500
003 OSt
005 20220918165553.0
006 a|||||r|||| 00| 0
007 ta
008 220917b |||||||| |||| 00| 0 eng d
020 _a8160305446 (hbk)
024 _a170,574
037 _cTextual
040 _aARTS
_cARTS
_beng
041 _2eng
_aeng
082 _aQ2:417:g, N7
245 0 _aMantra edited by Harey P. Alper
260 _aDelhi
_bSri Satgurd Publications
_c1997
300 _a343p.
_ccm.
490 _aSri Garib Das Oriental Series; 229
942 _hQ2:417:g, N7
_cTEXL
_2CC
999 _c130413
_d130413